[Event "FRA-chT2 0304"]
[Site "France"]
[Date "2003.10.12"]
[Round "1"]
[White "Beudaert, Xavier"]
[Black "Renaud, Olivier"]
[Result "1-0"]
[WhiteElo "2272"]
[BlackElo "2074"]
[PlyCount "77"]
[EventDate "2003.10.??"]
[EventType "team"]
[EventRounds "11"]
[EventCountry "FRA"]
[SourceTitle "EXT 2005"]
[Source "ChessBase"]
[SourceDate "2004.11.15"]
[SourceVersion "1"]
[SourceVersionDate "2004.11.15"]
[SourceQuality "1"]
[WhiteTeam "Bordeaux Echecs I"]
[BlackTeam "Poitiers Buxerolles"]
[WhiteTeamCountry "FRA"]
[BlackTeamCountry "FRA"]

1. e4 e6 2. d4 d5 3. Nd2 c5 4. exd5 Qxd5 5. dxc5 Bxc5 6. Ngf3 Nf6 7. Bc4 Qd6 8. 0-0 0-0 9. a3 Nc6 10. b4 Bb6 11. Bb2 e5 12. Qe1 Bf5 13. Bb3 e4 14. Nc4 Qf4 15. Qd2 Qg4 16. Nfe5 Nxe5 17. Bxe5 Rad8 18. Qc1 Qg6 19. Nxb6 axb6 20. Qf4 Nd5 21. Qh4 e3 22. c4 exf2+ 23. Qxf2 Ne7 24. Bc7 Rd7 25. Bxb6 Bd3 26. Rfe1 Rc8 27. Rad1 h6 28. Rd2 Rc6 29. Bc5 Nc8 30. Bc2 b6 31. Be3 Rf6 32. Qg3 Bxc2 33. Rxd7 Qf5 34. Rd5 Qe4 35. Rd8+ Kh7 36. Rxc8 Bd3 37. h3 Bxc4 38. Bf2 Rg6 39. Rxe4 1-0

[Event "EU-chT U18 4th"]
[Site "Balatonlelle"]
[Date "2003.07.20"]
[Round "2"]
[White "Beudaert, Xavier"]
[Black "Zaragatski, Ilja"]
[Result "1/2-1/2"]
[WhiteElo "2272"]
[BlackElo "2329"]
[PlyCount "125"]
[EventDate "2003.07.19"]
[EventType "team-swiss"]
[EventRounds "7"]
[EventCountry "HUN"]
[SourceTitle "EXT 2020"]
[Source "ChessBase"]
[SourceDate "2019.10.17"]
[SourceVersion "1"]
[SourceVersionDate "2019.10.17"]
[SourceQuality "1"]
[WhiteTeam "France U18"]
[BlackTeam "Germany U18"]
[WhiteTeamCountry "FRA"]
[BlackTeamCountry "GER"]

1. Nf3 Nf6 2. c4 c5 3. Nc3 e6 4. g3 b6 5. Bg2 Bb7 6. 0-0 Be7 7. Re1 d6 8. e4 a6 9. d4 cxd4 10. Nxd4 Qc7 11. Be3 Nbd7 12. f4 0-0 13. Rc1 Rac8 14. Bf2 Qb8 15. Qe2 Bd8 16. b3 Bc7 17. f5 Rfe8 18. fxe6 fxe6 19. Bh3 Nf8 20. Nf3 N6d7 21. Rf1 d5 22. cxd5 exd5 23. Bd4 Re7 24. Qd3 dxe4 25. Qc4+ Kh8 26. Ng5 h6 27. Nf7+ Kh7 28. Bf5+ Ng6 29. Qe2 Ndf8 30. Qh5 Be5 31. Nxe5 Rxe5 32. Bxe5 Qxe5 33. Ne2 Rc5 34. Bxg6+ Nxg6 35. Rxc5 bxc5 36. Qxe5 Nxe5 37. h3 c4 38. bxc4 Nxc4 39. Rc1 Ne5 40. Nf4 Nd3 41. Nxd3 exd3 42. Kf2 Bd5 43. Ra1 Be6 44. g4 h5 45. gxh5 Bxh3 46. Ke3 Kh6 47. Rc1 Kxh5 48. Rc6 d2 49. Kxd2 Bf1 50. a4 g5 51. Ke3 Kg4 52. Rc1 Bg2 53. Kf2 Be4 54. Rd1 Kf4 55. Rd6 Bb7 56. Rb6 Bc8 57. Rc6 Bb7 58. Rc7 Be4 59. Ke2 Bd5 60. Rc5 Bb7 61. Rc4+ Kg3 62. Rc3+ Kf4 63. Rc4+ 1/2-1/2